Guess the Language - Europe - Statistics

General Stats
  • This quiz has been taken 88 times
  • The average score is 13 of 22
Answer Stats
Sample Text Language % Correct
Determinano infatti, nell'ambito della zona temperata, un clima particolare detto temperato mediterraneo. Italian
97%
Bij overstromingen ontstonden nieuwe zeearmen of getijdengebieden op de plek waar eerder land lag. Dutch
83%
Estas riquezas serviam frequentemente para pagar produtos importados, maioritariamente de Inglaterra. Portuguese
80%
Господарський комплекс країни включає такі види промисловости, як видобування корисних копалин. Ukrainian
80%
Valtion tuloveroa maksetaan ansiotuloista, kuten palkasta, eläkkeestä ja etuuksista. Finnish
79%
De senaste årens trend har varit att värmekraft minskat och vindkraft ökat. Swedish
77%
Първото стратегическо териториално разширение на юг – завземането на областта Загоре Bulgarian
69%
Mae tystiolaeth iddyn nhw fynd ymhellach i'r gorllewin a chroesi i Iwerddon. Welsh
68%
De obicei, cunoscătorii de limbă engleză sunt în special tinerii și persoanele de vârstă medie. Romanian
64%
A felsőoktatás tandíjas, viszont ösztöndíjjal térítésmentesen is igénybe vehető. Hungarian
61%
Eldri heimildir sem mögulega vísa til landsins er að finna í miðaldaritum. Icelandic
60%
Ambdues unitats són més amples a l'occident que no pas a l'orient, on es presenten els pics més elevats. Catalan
57%
Jadrolinija je najveći i nacionalni brodarski prijevoznik sa sjedištem u Rijeci gdje se nalazi najveća lučka kapetanija u državi. Serbo-Croatian
56%
Prodhimet më të hershme janë të thjeshta, për përdorim praktik, por në to shfaqen edhe vlera artistike Albanian
55%
Gyventojų skaičiaus mažėjimo pagrindinė priežastis yra emigracija bei didesnis mirtingumas nei gimstamumas. Lithuanian
51%
V porovnání s jinými státy má velmi malý podíl obyvatel žijících pod prahem chudoby. Czech
49%
Il-kliem kollu ta' din il-poeżija, ħlief għal kelma waħda, huma kollha kliem li ġejjin mill-Għarbi. Maltese
41%
Leis an rùn sin chuir e air a' bhliadhna ud aghaidh gu tuath air ceann an airm. Scottish Gaelic
37%
Am Laf vum Joer 2009 ass d'Zuel vun enger hallwer Millioun Awunner iwwerschratt ginn. Luxembourgish
35%
Lo nom provisòri èra compausat dels noms de las regions fusionadas, dins l'òrdre alfabetic. Occitan
27%
In soad memmetaal-sprekkers binne yn 'e rin fan har libben oerstapt op in oare taal as meast brükte. West Frisian
27%
Skánddat várreviđji nohká lullin ja doppe leat smávva oktonas duoddarat mat ráhkadit sierra geográfalaš guovllu. Northern Sami
17%
No matching quizzes found
Score Distribution
Percent of People with Each Score
Percentile by Number Answered
Your Score History
You have not taken this quiz